|
|
|
|
| LEADER |
00000nam a2200000Ii 4500 |
| 001 |
DIGAKAL0317 |
| 003 |
NyNyDIG |
| 008 |
170303s2015 sp ob 000 0 spa d |
| 006 |
m o d |
| 007 |
cr ||||||||||| |
| 035 |
|
|
|a (OCoLC)974771872
|
| 040 |
|
|
|a DGITA
|b eng
|e rda
|e pn
|c DGITA
|
| 020 |
|
|
|a 9788446042716
|q (eBook ;
|q ePub)
|
| 020 |
|
|
|a 8446042711
|q (eBook ;
|q ePub)
|
| 020 |
|
|
|z 9788446042341
|
| 020 |
|
|
|z 8446042347
|
| 043 |
|
|
|a e-gx---
|
| 050 |
1 |
4 |
|a B2597 ebook
|
| 082 |
0 |
4 |
|a 193
|2 23
|
| 100 |
1 |
|
|a Fernández, Francisco J.,
|d 1967-
|e author.
|
| 245 |
1 |
4 |
|a Los huesos de Leibniz :
|b (carta de un filósofo escondido a un discreto cortesano) /
|c Francisco J. Fernández.
|
| 264 |
|
1 |
|a Tres Cantos, Madrid, España :
|b Ediciones Akal, S.A.,
|c [2015]
|
| 300 |
|
|
|a 1 online resource.
|
| 336 |
|
|
|a text
|2 rdacontent
|
| 337 |
|
|
|a computer
|b c
|2 rdamedia
|
| 338 |
|
|
|a online resource
|b cr
|2 rdacarrier
|
| 490 |
1 |
|
|a Akal/Hipecu ;
|v 27
|
| 504 |
|
|
|a Includes bibliographical references.
|
| 588 |
0 |
|
|a Online resource; title from ePub title page (Digitalia, viewed March 8, 2017)
|
| 600 |
1 |
0 |
|a Leibniz, Gottfried Wilhelm,
|c Freiherr von,
|d 1646-1716.
|
| 655 |
|
0 |
|a Electronic books.
|
| 791 |
2 |
|
|a Digitalia (Firm),
|e distributor.
|
| 793 |
0 |
|
|g Digitalia eBook Collection:
|a Akal
|
| 776 |
0 |
8 |
|i Print version:
|a Fernández, Francisco J., 1967-
|t Huesos de Leibniz.
|d Tres Cantos, Madrid : Akal, [2015]
|z 9788446042341
|w (DLC) 2015528086
|w (OCoLC)930607012
|
| 830 |
|
0 |
|a Historia del pensamiento y la cultura ;
|v 27.
|
| 856 |
4 |
0 |
|3 Digitalia Hispánica
|u https://www.digitaliapublishing.com/a/41932/
|
| 910 |
|
|
|a Premium collection: 2017
|